Vplyv nepriaznivého výberu na rovnováhu na poistnom trhu: Experimentálna štúdia

Kvantifikácia zmeny v dosahovanej užitočnosti dopytu a ponuky poistenia v dôsledku prítomnosti nepriaznivého výberu na poistnom trhu.

Uložené v:
Podrobná bibliografia
Hlavný autor: Kollárovič, Patrik
Ďalší autori: Brokešová, Zuzana, 1985-, Pastoráková, Erika, 1972-
Médium: Kapitola
Jazyk:Slovak
Predmet:
Tagy: Pridať tag
Žiadne tagy, Buďte prvý, kto otaguje tento záznam!

MARC

LEADER 00000naa a2200000 4500
001 0249898
005 20240502074011.9
041 0 |a slo 
044 |a SK 
245 1 0 |a Vplyv nepriaznivého výberu na rovnováhu na poistnom trhu: Experimentálna štúdia  |c Patrik Kollárovič, Zuzana Brokešová, Erika Pastoráková 
520 |a Kvantifikácia zmeny v dosahovanej užitočnosti dopytu a ponuky poistenia v dôsledku prítomnosti nepriaznivého výberu na poistnom trhu. 
610 2 0 |a trh poistný 
610 2 0 |a rovnováha trhová 
610 2 0 |a ponuka 
610 2 0 |a dopyt 
610 2 0 |a informácie 
100 1 |a Kollárovič, Patrik 
700 1 |a Brokešová, Zuzana, 1985- 
700 1 |a Pastoráková, Erika, 1972-